000 00942nam a22002297a 4500
005 20240530110605.0
008 161026s2015 ua g b 000 0 ara d
017 _a2014/23456
_bمصر. دار الكتب
020 _a9789772768113
040 _aEG-CaGPL
_cEG-CaGPL
082 0 4 _221
_a953.031\
_bم د
100 0 _aمحمود حمد محمود النعيمى .
245 1 2 _aالدواوين على عهد الخليفة بن ابى سفيان 41 - 60 هـ / 660 - 679 م :
_bدراسة حضارية /
_cمحمود حمد محمود النعيمى .
250 _aط1.
260 _aالقاهرة :
_bالمكتب العربى للمعارف ،
_c2015 .
300 _a121 ص ؛
_c24 سم .
504 _aيشتمل على ارجاعات ببليوجرافية
610 0 _aمعاوية بن ابى سفيان
650 0 7 _2qrmak
_aالدواوين الاسلامية .
942 _2ddc
_cBK
999 _c62741
_d62741